000 01086cam a2200289 i 4500
001 45523
003 Mx-PuUPA
005 20230519101607.0
008 140415s2003 puma gr 000 0 spa d
020 _a9685595
040 _aMx-PuUPA
_bspa
_cMx-PuUPA
_dMx-PuUPA
_erda
041 0 _aspa
043 _2mx-mxbn
_bn-mx-pu
110 2 _914023
_aCentro de Estudios de Ciencia y Religión,
_eautor
245 1 0 _aCiencia y religión hoy :
_bdiálogos en torno a la naturaleza /
_cCentro de Estudios de Ciencia y Religión ; Eugenio Urrutia Albisua y Juan José Blázquez Ortega, compiladores
264 1 _aPuebla, Puebla, México :
_bEd. UPAEP,
_c©2003
300 _axiii, 283 páginas :
_bilustraciones ;
_c22 cm
336 _atexto
_2rdacontent
_btxt
337 _asin medio
_2rdamedia
_bn
338 _avolumen
_2rdacarrier
_bnc
650 7 _aReligión y ciencia
_2armarc
700 1 _aUrrutia Albisua, Eugenio,
_ecompilador
700 1 _aBlázquez Ortega, Juan José,
_ecompilador
942 _2ddc
_h261.55
_iC56
_cLI
999 _c45523
_d45523